Are reduced forms of Dornbusch monetary model really reduced?

Gespeichert in:
Bibliographische Detailangaben
1. Verfasser: Rublíková, Eva
Format: Buchkapitel
Sprache:Englisch
Tags: Tag hinzufügen
Keine Tags, Fügen Sie das erste Tag hinzu!

MARC

LEADER 00000naa$a2200000$$$4500
001 0064164
005 20240502083154.5
041 0 |a eng 
044 |a CZ 
245 1 0 |a Are reduced forms of Dornbusch monetary model really reduced?  |c Eva Rublíková 
100 1 |a Rublíková, Eva